Journey within Islam / (Record no. 18656)

MARC details
000 -LEADER
fixed length control field 00905cam a2200301 a 4500
001 - CONTROL NUMBER
control field 12462884
003 - CONTROL NUMBER IDENTIFIER
control field BDDh-ASL
005 - DATE AND TIME OF LATEST TRANSACTION
control field 20231015025723.0
008 - FIXED-LENGTH DATA ELEMENTS--GENERAL INFORMATION
fixed length control field 010124s2000 bg b 001 0 eng
010 ## - LIBRARY OF CONGRESS CONTROL NUMBER
LC control number 00440260
020 ## - INTERNATIONAL STANDARD BOOK NUMBER
International Standard Book Number 9840515578
025 ## - OVERSEAS ACQUISITION NUMBER
Overseas acquisition number B-E-00-440260; 04
035 ## - SYSTEM CONTROL NUMBER
System control number (DLC) 00440260
037 ## - SOURCE OF ACQUISITION
Source of stock number/acquisition Library of Congress -- New Delhi Field Office
Terms of availability TK220.00
040 ## - CATALOGING SOURCE
Original cataloging agency DLC
Transcribing agency DLC
Modifying agency BDDh-ASL
042 ## - AUTHENTICATION CODE
Authentication code lcode
050 00 - LIBRARY OF CONGRESS CALL NUMBER
Classification number BP161.2
Item number .R32 2000
082 ## - DEWEY DECIMAL CLASSIFICATION NUMBER
Classification number 297.01
Item number RAJ
100 1# - MAIN ENTRY--PERSONAL NAME
Personal name Rabbani, Mohammad Gholam.
245 10 - TITLE STATEMENT
Title Journey within Islam /
Statement of responsibility, etc. Mohammad Gholam Rabbani.
260 ## - PUBLICATION, DISTRIBUTION, ETC.
Place of publication, distribution, etc. Dhaka :
Name of publisher, distributor, etc. The University Press,
Date of publication, distribution, etc. 2000.
300 ## - PHYSICAL DESCRIPTION
Extent x, 128 p. ;
Dimensions 22 cm.
504 ## - BIBLIOGRAPHY, ETC. NOTE
Bibliography, etc. note Includes bibliographical references (p. [113]-124) and indexes.
650 #0 - SUBJECT ADDED ENTRY--TOPICAL TERM
Topical term or geographic name entry element Islam.
906 ## - LOCAL DATA ELEMENT F, LDF (RLIN)
a 7
b cbc
c origode
d 3
e ncip
f 20
g y-gencatlg
942 ## - ADDED ENTRY ELEMENTS (KOHA)
Source of classification or shelving scheme Dewey Decimal Classification
Koha item type Books
Holdings
Withdrawn status Lost status Source of classification or shelving scheme Damaged status Not for loan Collection code Home library Current library Shelving location Date acquired Source of acquisition Total Checkouts Full call number Barcode Date last seen Copy number Price effective from Koha item type
    Dewey Decimal Classification     Non-fiction Asiatic Society Library Asiatic Society Library General Stacks 10/18/2020 Complementary   297.01 RAJ 101863 10/18/2020 C-1 10/18/2020 Books

Powered by Koha